Frederic Ballell, fotoperiodista / textos: Rafael Torrella ... [et al.] ; coordinació: Montserrat Gustà i Sílvia Domènech Rafael Torrella ... [et al.] ; coordinació:

por Ballell, Frederic

Descripción Física: 188 p. : principalment il. ; 20 cm

MARC

LEADER 00000nam a2200000Ia 4500
001 12576
008 160829s2000 xx 000 0 cat d
080 |a B-1-221 
100 |a Ballell, Frederic  |9 21080 
245 |a Frederic Ballell, fotoperiodista / textos:  |b  Rafael Torrella ... [et al.] ; coordinació:  |b  Montserrat Gustà i Sílvia Domènech 
260 |a Barcelona :  |b Renart edicions :  |b Institut de Cultura de Barcelona - Arxiu Fotogràfic de l'AHCB ,  |c 2000 
300 |a 188 p. :  |b  principalment il. ;  |c 20 cm 
490 |a Memòria fotogràfica ; 2 
590 |a Catàleg de les exposicions : 'Frederic Ballell, fotoperiodista a l'inici del segle XX (1903-1920)' i 'Desastre', organitzades i produïdes per l'Arxiu Fotogràfic de l'AHCB, que varen tenir lloc al Palau de la Virreina durant la primavera fotogràfica de l'any 2000vbcrlfTextos en català, castellà i anglès 
650 |a Ballell, Frederic  |x Exposicions   |9 21081 
650 |a Fotografia periodística  |x Catalunya  |x Exposicions  |9 21082 
700 1 |a Gustà, Montserrat  |9 21083 
700 |a Domènech i Fernàndez, Sílvia  |9 24145 
710 2 |a Institut de Cultura (Barcelona, Catalunya)  |9 53422 
901 |a Arxiu 
942 |n 1 
952 |0 0  |1 0  |4 0  |6 B1221  |7 1  |9 41792  |a Arxiu  |b Arxiu  |d 2016-12-01  |l 0  |o B-1-221  |p 12576  |r 2016-12-01 00:00:00  |w 2016-12-01  |y ARXIU 
999 |c 43683  |d 43683